Statistics for Filipino Immigrants in US Metro Areas

Click here to take the quiz!

General Stats

  • This quiz has been taken 55 times
  • The average score is 12 of 22

Answer Stats

Filipino Immigrant PopulationStateMetro Area% Correct
2.2%CALos Angeles
96%
8.1%HIHonolulu
94%
3.1%CASan Diego
94%
3.2%NVLas Vegas
88%
3.6%CASan Francisco-Oakland
86%
1.3%WASeattle
82%
3.2%CASan Jose
80%
1.6%CASacramento
78%
1.0%FLJacksonville
73%
1.9%NVReno
69%
1.3%CABakersfield
59%
1.4%CARiverside-San Bernardino
59%
2.2%AKAnchorage
57%
1.2%VAHampton Roads
57%
3.0%CAStockton
49%
10.5%HIKahului
37%
1.7%CAOxnard-Ventura
31%
1.7%CASalinas
20%
6.6%CAVallejo-Fairfield
16%
3.1%CANapa
10%
2.0%WABremerton
6%
1.6%CAHanford-Corcoran
4%

Score Distribution

Percentile by Number Answered

Percent of People with Each Score

Your Score History

You have not taken this quiz